000 00426nam a2200181Ia 4500
001 21242
005 20260306172905.0
008 260306t2007||||xx |||||||||||||| ||spa||
041 _aESP
082 _a344.41
_bD75
100 _aDíez Ripollés, José Luis
_eAUT
245 0 _aEstudios penales y de política criminal
260 _c2007
300 _a
_c
650 _aGEN
654 _aCDE
942 _cLIB
_dJUS
_fJUS
_2ddc
_n
999 _c21242
_d21242